| Tag |
First Indicator |
Second Indicator |
Subfields |
| LEADER |
00000pam a2200000 a 4500 |
| 001 |
in00000080781 |
| 005 |
20151008054058.0 |
| 008 |
790129r19791973nyua b 00110 engm |
| 010 |
|
|
|a 79001345
|
| 020 |
|
|
|a 0882758993
|
| 035 |
|
|
|a (OCoLC)04665307
|
| 035 |
|
|
|9 AAH9562AM
|
| 040 |
|
|
|a DLC
|c DLC
|d m.c.
|d TXA
|d UtOrBLW
|
| 049 |
|
|
|a TXAM
|
| 050 |
1 |
0 |
|a TK7871.85
|b .W54 1979
|
| 082 |
0 |
|
|a 621.3815/2
|
| 100 |
1 |
|
|a Wilson, Robert G.
|
| 245 |
1 |
0 |
|a Ion beams :
|b with applications to ion implantation /
|c Robert G. Wilson, George R. Brewer.
|
| 250 |
|
|
|a Reprint ed. with corrections.
|
| 264 |
|
1 |
|a Malabar, Fl :
|b R.E. Krieger Pub. Co.,
|c 1979.
|
| 300 |
|
|
|a xii, 500 pages :
|b illustrations ;
|c 24 cm.
|
| 336 |
|
|
|a text
|b txt
|2 rdacontent
|
| 337 |
|
|
|a unmediated
|b n
|2 rdamedia
|
| 338 |
|
|
|a volume
|b nc
|2 rdacarrier
|
| 500 |
|
|
|a Reprint of: New York : Wiley, c1973.
|
| 504 |
|
|
|a Includes bibliographies and index.
|
| 500 |
|
|
|a Folded table and chart in pocket.
|
| 650 |
|
0 |
|a Ion implantation.
|
| 650 |
|
0 |
|a Semiconductors.
|
| 650 |
|
0 |
|a Microelectronics.
|
| 700 |
1 |
|
|a Brewer, George Raymond,
|d 1922-
|
| 999 |
|
|
|a MARS
|
| 999 |
f |
f |
|s 87b3db9e-32d5-3d65-9f5e-b6b64881e299
|i fb1d6e80-a688-3848-90cc-4a18db664695
|t 0
|
| 952 |
f |
f |
|p normal
|a Texas A&M University
|b College Station
|c Sterling C. Evans Library
|d Evans: Library Stacks
|t 0
|e TK7871.85 .W54 1979
|h Library of Congress classification
|i unmediated -- volume
|m A14813319740
|
| 998 |
f |
f |
|a TK7871.85 .W54 1979
|t 0
|l Evans: Library Stacks
|